000 01272nam a2200325 a 4500
001
003 DO-SdBNP
005 20220916105620.0
008 081204s2011 dr 001 0 spa d
020 _a9789945074420
040 _aDO-SdBNP
_bspa
_cBPMSU
082 _a972.9302
_bR696c 2011
_222
100 1 _aRodríguez Morel, Genaro
245 1 0 _aCartas de la Real Audiencia de Santo Domingo (1547-1575) /
_cGenaro Rodríguez Morel.
246 1 3 _5Cartas de la Real Audiencia de Santo Domingo (1530-1546)
260 _aSanto Domingo :
_bArchivo General de la Nación,
_c2011
300 _a387, 485 p. ;
_c27 cm.
490 0 _aArchivo General de la Nación,
_v94/ 149
490 0 _aAcademia Dominicana de la Lengua,
_v81/44
500 _3Incluye índices
590 _6Inventariado, 2022/VM
610 1 4 _aReral Audiencia de Santo Domingo
650 4 _aAdministración de justicia
_zLa Española (Isla)
_ySiglo XVI-XVII
_vFuentes
651 4 _aRepública Dominicana
_xHistoria
_yPeriódo colonial,1547-1575
_vFuentes
651 4 _aRepública Dominicana
_xRecursos de archivo
710 2 _aArchivo General de la Nación (República Dominicana)
740 _aCartas de la Real Audiencia de Santo Domingo (1530-1546)
910 _aVMateo V.
942 _2ddc
_cBK
999 _c13948
_d13948